|
|
|
|
| LEADER |
04716nam a22004815i 4500 |
| 001 |
978-0-387-68858-9 |
| 003 |
DE-He213 |
| 005 |
20151204141357.0 |
| 007 |
cr nn 008mamaa |
| 008 |
100301s2007 xxu| s |||| 0|eng d |
| 020 |
|
|
|a 9780387688589
|9 978-0-387-68858-9
|
| 024 |
7 |
|
|a 10.1007/978-0-387-68858-9
|2 doi
|
| 040 |
|
|
|d GrThAP
|
| 050 |
|
4 |
|a RL1-803
|
| 072 |
|
7 |
|a MJK
|2 bicssc
|
| 072 |
|
7 |
|a MED017000
|2 bisacsh
|
| 082 |
0 |
4 |
|a 616.5
|2 23
|
| 100 |
1 |
|
|a Morgan, Michael B.
|e author.
|
| 245 |
1 |
0 |
|a Deadly Dermatologic Diseases
|h [electronic resource] :
|b Clinicopathologic Atlas and Text /
|c by Michael B. Morgan, Bruce R. Smoller, Stephen C. Somach.
|
| 264 |
|
1 |
|a New York, NY :
|b Springer New York,
|c 2007.
|
| 300 |
|
|
|a XIV, 194 p. 167 illus. in color.
|b online resource.
|
| 336 |
|
|
|a text
|b txt
|2 rdacontent
|
| 337 |
|
|
|a computer
|b c
|2 rdamedia
|
| 338 |
|
|
|a online resource
|b cr
|2 rdacarrier
|
| 347 |
|
|
|a text file
|b PDF
|2 rda
|
| 505 |
0 |
|
|a Malignant Cutaneous Neoplasms -- Angiosarcoma -- Cutaneous B-Cell Lymphoma -- Granulomatous Slack Skin -- Langerhans Cell Histiocytosis -- Leukemia Cutis -- Mast Cell Disease (Urticaria Pigmentosa) -- Merkel Cell Carcinoma -- Metastatic Carcinoma -- Paget’s Disease -- Subcutaneous Panniculitis-like Lymphoma -- Hereditary Cancer-Predisposition Syndromes and Paraneoplastic Disorders -- Muir-Torre Syndrome -- Acquired Ichthyosis, Acanthosis Nigricans, Palmar Hyperkeratosis -- Amyloidosis: Systemic, Nodular, and Epidermal Derived -- Birt-Hogg-Dubé Syndrome -- Cowden’s Syndrome -- Gyrate Erythemas: Erythema Gyratum Repens and Erythema Chronicum Migrans -- Gardner Syndrome -- Multicentric Reticulohistiocytosis -- Multiple Cutaneous Leiomyomas -- Lethal Non-Langerhans Cell Histiocytoses: Necrobiotic Xanthogranuloma and Xanthoma Disseminatum -- Pancreatic Panniculitis -- Scleromyxedema -- Necrolytic Migratory Erythema -- Infectious Diseases -- Anthrax -- Ecthyma Gangrenosum -- Rocky Mountain Spotted Fever and the Rickettsioses -- Smallpox -- Staphylococcal Toxin-Mediated Scalded Skin and Toxic Shock Syndromes -- Meningococcemia and Purpura Fulminans -- Inborn Errors of Metabolism and Autoimmune Disease -- Lethal Hereditary Vascular Disorders: Osler-Weber-Rendu, Ataxia-Telangiectasia, and Fabry’s Disease -- Eruptive Xanthoma -- Graft-versus-Host Disease -- Paraneoplastic Pemphigus and Pemphigus Vulgaris -- Relapsing Polychondritis -- Vascular Diseases -- Calciphylaxis (Calcific Uremic Arteriolopathy) -- Kawasaki Disease -- Polyarteritis Nodosa.
|
| 520 |
|
|
|a Almost exactly ten years ago, two young physicians joined me at the University of Oklahoma for the study of dermatopathology: Stephen C. Somach, a brilliant dermatologist-scholar from Cleveland, who was also a highly accomplished cellist, and Michael B. Morgan, an effervescent, newly minted pathologist from Florida, who was brimming with energy, curiosity, and zeal and was also spo- ing water skiis and a red Porsche! Bruce R. Smoller, whose impressive erudition is universally acknowledged, I met during a Residency Review committee visit to Stanford some ?fteen years ago. Each of these men has made original cont- butions to the dermatopathology literature as well as to patient care in the cli- cal setting. Their publications have broadened our understanding of the biologic behavior of pigmented lesions, cutaneous lymphomas, vascular lesions, and soft tissue tumors. It is indeed a pleasure to welcome their volume, Deadly Der- tologic Diseases, a unique and stimulating outcome of their enthusiastic collaboration. Deadly Dermatologic Diseases discusses a wide variety of entities–neoplastic, vascular, infectious, metabolic–each of which may eventuate in death of the patient. In addition, numerous tumors and dermatoses frequently associated with internal malignancies are reviewed. High-quality histologic photomic- graphs and clinical pictures accompany many of the discussions. A unique initial summary page facilitates the reading of each presentation. Recent relevant genetic and biochemical ? ndings in every chapter were particularly helpful to this reader.
|
| 650 |
|
0 |
|a Medicine.
|
| 650 |
|
0 |
|a Dermatology.
|
| 650 |
|
0 |
|a Infectious diseases.
|
| 650 |
|
0 |
|a Pathology.
|
| 650 |
1 |
4 |
|a Medicine & Public Health.
|
| 650 |
2 |
4 |
|a Dermatology.
|
| 650 |
2 |
4 |
|a Pathology.
|
| 650 |
2 |
4 |
|a Infectious Diseases.
|
| 700 |
1 |
|
|a Smoller, Bruce R.
|e author.
|
| 700 |
1 |
|
|a Somach, Stephen C.
|e author.
|
| 710 |
2 |
|
|a SpringerLink (Online service)
|
| 773 |
0 |
|
|t Springer eBooks
|
| 776 |
0 |
8 |
|i Printed edition:
|z 9780387254425
|
| 856 |
4 |
0 |
|u http://dx.doi.org/10.1007/978-0-387-68858-9
|z Full Text via HEAL-Link
|
| 912 |
|
|
|a ZDB-2-SME
|
| 950 |
|
|
|a Medicine (Springer-11650)
|